000 01041nam a22003377a 4500
003 CHAP
005 20220329140732.0
008 971013s1944 r 00010 d
010 _a56754
011 _a57726
035 _a61881
040 _cCHAP
082 _a330
_bZ8
100 0 0 _aZweig, Ferdynand.
_9124320
245 _aEconomía y tecnología
260 _aMéxico, D.F. :
_bAmérica,
_c1944
300 _a237 p.
490 _aBiblioteca de economía política
_v; 8
590 _aBATCH-UPD
_b10
_c20130110
_lUCH01
_h0355
590 _aBATCH-UPD
_b10
_c20130110
_lUCH01
_h1838
590 _aBATCH-UPD
_b10
_c20130410
_lUCH01
_h0029
590 _aBATCH-UPD
_b10
_c20130410
_lUCH01
_h1605
590 _aBATCH-UPD
_b10
_c20130914
_lUCH01
_h1232
590 _aCONVERSION
_b10
_c20130109
_lUCH01
_h1330
650 1 4 _aEconomía.
_935226
650 1 4 _aTecnología.
_9111937
830 0 _aBiblioteca de economía política
_v; 8
_912305
901 _aBK
942 _cLIBRO
949 _a330 Z8
_bBC
_cLIBRO
_d33724000314043
_eLIBRO
_h43062
_i61881
_si
999 _c56754
_d56754